000 00792nam a2200229 a 4500
001 000039936
005 20201002033822.0
008 130730s2000 sp 000 0 spa d
020 _a8440697309
040 _aDO-SdBNP
_bspa
_cBNPHU
082 _axxxx
_bR696a
100 1 _aRodríguez, Pepe,
_d1953?-
_966144
245 1 0 _aAdicción a sectas :
_bpautas para el análisis, prevención y tratamiento /
_cPepe Rodríguez.
260 _aBarcelona :
_bEdiciones B.S.A,
_c2000.
300 _a378 p. ;
_c24 cm.
490 1 _aSine qua non
500 _aIncluye datos biográficos del autor en la solapa
500 _aIncluye referencias bibliográficas y notas al pie de las páginas
504 _aBibliografía : p. 365-378
590 _aInventariado, 2019 /LP
830 0 _aSine qua non
_966145
999 _c39426
_d39426